LEADER 01145nam0 22003011i 450 001 UON00478487 005 20231205105238.220 010 $a978-88-7091-179-4 100 $a20170621f2009 |0itac50 ba 101 $aita 102 $aIT 105 $a|||| 1|||| 200 1 $aArarat$fFrank Westerman$gtraduzione di Claudia Cozzi 210 $aMilano$cIperborea$dc2009 215 $a312 p.$d20 cm 316 $aDono Libreria Bonardi$5IT-UONSI OlandFondo Bonardi/231 410 1$1001UON00067745$12001 $aIperborea$1210 $aMilano$cIperborea.$v179 620 $aIT$dMilano$3UONL000005 676 $a839.31364$cNarrativa olandese. 1945-1999$v21 700 1$aWESTERMAN$bFrank$3UONV201536$0596438 702 1$aCOZZI$bClaudia$3UONV235297 712 $aIperborea$3UONV259181$4650 801 $aIT$bSOL$c20240220$gRICA 899 $aSIBA - SISTEMA BIBLIOTECARIO DI ATENEO$2UONSI 912 $aUON00478487 950 $aSIBA - SISTEMA BIBLIOTECARIO DI ATENEO$dSI Oland Fondo Bonardi 231 $eSI 22747 7 231 Dono Libreria Bonardi 996 $aArarat$91473050 997 $aUNIOR